00583nam a2200193Ia 450000500170000000800410001702000150005808200130007310000170008624500640010325000090016726000590017630000130023565000110024865000140025994200060027395200950027999900150037420240801030946.0240331s9999 xx 000 0 und d a9555800669 bWEEa376 aWeeratunge,N 0aAspects of ethnicity and gender among the Rodi of Sri Lanka a2 nd aColombobInternational Centre For Ethnic Studiesc2002 a142 p ., aGender aEthnicity cL 001040708LaWERCLbWERCLcSSCd2024-03-31l0o 376 WEEp6270r2024-03-31w2024-03-31yL c5632d5632